Cohomologie Galoisienne: Lecture notes in mathematics/

Đã lưu trong:
书目详细资料
企业作者: Pierre Serre Jean
格式: 杂志
语言:Vietnamese
出版: New York.: 1965
标签: 添加标签
没有标签, 成为第一个标记此记录!
Thư viện lưu trữ: Thư viện Trường Đại học Đà Lạt
LEADER 00506nam a2200217 4500
001 DLU050048452
040 # # |a DLU  |b vie 
041 # # |a vie 
110 # # |a Pierre Serre Jean 
245 # # |a Cohomologie Galoisienne: Lecture notes in mathematics/  |c Pierre Serre Jean 
260 # # |a New York.:  |c 1965 
300 # # |a 159tr.  |c 27cm 
994 # # |a DLU 
900 # # |a True 
911 # # |a Nguyễn Thị Yên 
925 # # |a A 
926 # # |a G 
927 # # |a TT 
980 # # |a Thư viện Trường Đại học Đà Lạt